000 00745cam a22002292 4500
001 0000021407
005 20151217145936.0
008 120424s xx 000 0 eng d
020 _a1847032218
040 _aKABU
_cKABU
100 1 _aLewis, Clive.
_@0000182238
245 1 0 _aJudicial remedies in public law /
_cClive Lewis.
250 _a4th ed.
260 _aLondon :
_bThomson Reuters,
_c2009.
300 _aclxxxii, 738 p.
650 0 _aPublic law
_zGreat Britain.
_@0000182239
650 0 _aAdministrative remedies
_zGreat Britain.
_@0000182240
650 0 _aJudicial review of administrative acts
_zGreat Britain.
_@0000167934
852 1 _9p45,600 KES
908 _a120424
950 _@1
999 _c4309
_d4309